000 00457nam a2200169Ia 4500
008 230917s9999||||xx |||||||||||||| ||und||
020 _cRS700
040 _e241751
_aMAIN
041 _aEnglish
082 _a780.954 S64T
100 _aSingh, Nivedita
245 0 _aTragition of Hindustani music
260 _aNew Delhi
_bKanishka Publishers
_c2017
300 _axiii, 247 p.
500 _a2821 18/08/2017 UBC17/7520 28/08/2017 Main Budget
942 _cBK
999 _c23611
_d23611